<?xml version="1.0" encoding="UTF-8"?>
<collection xmlns="http://www.loc.gov/MARC21/slim">
 <record>
  <leader>01736nam a2200229Ia 4500</leader>
  <controlfield tag="001">CTU_45490</controlfield>
  <controlfield tag="008">210402s9999    xx            000 0 und d</controlfield>
  <datafield tag="020" ind1=" " ind2=" ">
   <subfield code="c">22000</subfield>
  </datafield>
  <datafield tag="082" ind1=" " ind2=" ">
   <subfield code="a">664.804</subfield>
  </datafield>
  <datafield tag="082" ind1=" " ind2=" ">
   <subfield code="b">Th523</subfield>
  </datafield>
  <datafield tag="100" ind1=" " ind2=" ">
   <subfield code="a">Nguyễn, Thị Bích Thuỷ</subfield>
  </datafield>
  <datafield tag="245" ind1=" " ind2="0">
   <subfield code="a">Công nghệ bảo quản và chế biến rau quả:</subfield>
  </datafield>
  <datafield tag="245" ind1=" " ind2="0">
   <subfield code="b">Dùng trong các trường THCN</subfield>
  </datafield>
  <datafield tag="245" ind1=" " ind2="0">
   <subfield code="c">Nguyễn Thị Bích Thuỷ, Trần Thị Lan Hương, Nhữ Thị Nhung</subfield>
  </datafield>
  <datafield tag="260" ind1=" " ind2=" ">
   <subfield code="a">Hà Nội</subfield>
  </datafield>
  <datafield tag="260" ind1=" " ind2=" ">
   <subfield code="b">Nhà xuất bản Hà Nội</subfield>
  </datafield>
  <datafield tag="260" ind1=" " ind2=" ">
   <subfield code="c">2007</subfield>
  </datafield>
  <datafield tag="520" ind1=" " ind2=" ">
   <subfield code="a">Sách cung cấp cho người đọc những kiến thức cơ bản về đặc điểm thực vật học của các loại rau quả, biến đổi sinh lý và hoá sinh của chúng, các loài dụch hại gây hư hỏng rau quả, ảnh hưởng của các yếu tố vật lý môi trường để làm cơ sở cho việc hạn chế những tổn thất của rau quả tươi sau thu hoạch. Bên cạnh đó, giáo trình còn giới thiệu những kỹ thuật cụ thể áp dụng trong quá trình thu hoạch, quản lý độ chín của nông sản, điều chỉnh môi trường bảo quản, chiếu xạ và sử dụng hoá chất diệt sinh vật hại, vấn đề bao gói, và sau cùng là chế biến rau quả thành những sản phẩm đáp ứng được các nhu cầu ngày càng đa dạng của con người.</subfield>
  </datafield>
  <datafield tag="650" ind1=" " ind2=" ">
   <subfield code="a">vegetable trade,vegetables</subfield>
  </datafield>
  <datafield tag="650" ind1=" " ind2=" ">
   <subfield code="x">preservation</subfield>
  </datafield>
  <datafield tag="904" ind1=" " ind2=" ">
   <subfield code="i">Nguyên</subfield>
  </datafield>
  <datafield tag="980" ind1=" " ind2=" ">
   <subfield code="a">Trung tâm Học liệu Trường Đại học Cần Thơ</subfield>
  </datafield>
 </record>
</collection>
